000 00594nam a2200229Ia 4500
003 OSt
005 20220924132540.0
006 a|||||r|||| 00| 0
007 ta
008 220923b |||||||| |||| 00| 0 san d
024 _a63291
037 _cTextual
040 _aARTS
_cARTS
_bsan
041 _2san
_asan
082 _aQ22:224, 15L1.1-.2 (P15)
100 _aVyasa
245 0 _aNarada purana 2 pts with Hindi tr by Sriram Sharma
260 _c1971
650 _aRELIGION
942 _hQ22:224, 15L1.1-.2 (P15)
_cTEXL
_2CC
999 _c430686
_d430686